| 000 | 01236nac a22002771u 4500 | ||
|---|---|---|---|
| 010 | _a 2005043764 | ||
| 020 | _a0072997524 (softcover : alk. paper) | ||
| 082 | 0 | 0 |
_a301 _bSCH |
| 090 |
_c6834 _d6834 |
||
| 100 | _aSchneider, Linda. | ||
| 245 | 1 | 0 |
_aGlobal sociology : _bintroducing five contemporary societies / _cLinda Schneider, Arnold Silverman. |
| 250 | _a4th ed. | ||
| 260 |
_aBoston : _bMcGraw-Hill,c2006. _cc2006. |
||
| 300 |
_axxvi, 347, I-10 p. : _bill., maps ; _c24 cm. |
||
| 500 | _aDistributer: Al-Ahram. | ||
| 504 | _aIncludes bibliographical references and index. | ||
| 511 | _aCatalogued By: Mahitab. | ||
| 650 | 0 | _aSociology. | |
| 650 | 0 |
_aSociology _vCross-cultural studies. |
|
| 700 | 1 |
_aSilverman, Arnold R., _d1940- |
|
| 856 | 4 | 2 |
_3Publisher description _uhttp://www.loc.gov/catdir/enhancements/fy0624/2005043764-d.html |
| 856 | 4 | 2 |
_3Table of contents only _uhttp://www.loc.gov/catdir/enhancements/fy0624/2005043764-t.html |
| 856 | 4 | 2 |
_3Contributor biographical information _uhttp://www.loc.gov/catdir/enhancements/fy0737/2005043764-b.html |
| 942 |
_cBB _k301SCH |
||
| 999 |
_c6834 _d6834 |
||